000 01086nas a2200361 4500
001 BR0604389
003 BR-BrBNA
005 20231205110352.0
007 ta
008 230509b bl.|||p| |||| 00| 00por d
040 _aBR-BrBNA
_bpor
_cBiblioteca Nacional de Agricultura
041 _a(Pt)
072 _aL02; Q54
100 1 _aMaia, F.J.
100 1 _aBranco, A.F.
100 1 _aMouro, G.F.
100 1 _aConeglian, S.M.
100 1 _aSantos, G.T. dos
100 1 _aMinella, T.F.
100 1 _aGuimarães, K.C.
245 1 _aInclusão de fontes de óleo na dieta de cabras em lactação: produção, composição e perfil dos ácidos graxos do leite
650 _aCABRA LEITEIRA
650 _aDIETA
650 _aÓLEO VEGETAL
650 _aLACTAÇÃO
650 _aLEITE
650 _aQUALIDADE
650 _aÁCIDO GRAXO
650 _aCOMPOSIÇÃO DE ALIMENTO
773 0 _tRevista Brasileira de Zootecnia (Brazil)
_xISSN 1516-3598
_g(Jul-Aug 2006), v. 35(4) p. 1504-1513
_wBR0604389
909 _a202311
_bLúcia
_c55
_dLúcia Elande
942 _2AGRIS
_n0
_cANA
999 _c187130
_d187130